000 00535nam a2200217Ia 4500
003 OSt
005 20240520122016.0
008 210210b1954 xxu||||| |||| 00| 0 eng d
040 _cAL
041 _aeng
082 _a823/8
100 _aSHAKESPEARE (William)
_9166250
245 _aAntony and Cleopatra
260 _aBangalore
_bServices publishing house
_c1954
650 _aCleopatra
_9166251
650 _aAntony
_9166252
650 _aand
_9166253
690 _aEnglish Drama
_9166254
906 _a013560
942 _2ddc
_cBK
999 _c132441
_d132441